Library Banner

Students' Role in the Pakistan movement (Record no. 67838)

MARC details
000 -LEADER
fixed length control field 00392nam a22001457a 4500
005 - DATE AND TIME OF LATEST TRANSACTION
control field 20150313162052.0
008 - FIXED-LENGTH DATA ELEMENTS--GENERAL INFORMATION
fixed length control field 150313b xxu||||| |||| 00| 0 eng d
040 ## - CATALOGING SOURCE
Transcribing agency PK-LaUMT
082 ## - DEWEY DECIMAL CLASSIFICATION NUMBER
Classification number KHC 954.035
Item number MUK-S
100 ## - MAIN ENTRY--PERSONAL NAME
Personal name Mukhtar Zaman
245 ## - TITLE STATEMENT
Title Students' Role in the Pakistan movement
Statement of responsibility, etc Mukhtar Zaman
260 ## - PUBLICATION, DISTRIBUTION, ETC. (IMPRINT)
Place of publication, distribution, etc Karachi
Name of publisher, distributor, etc Quaid-i-Azam academy
Date of publication, distribution, etc 1978
300 ## - PHYSICAL DESCRIPTION
Extent 242 p.
942 ## - ADDED ENTRY ELEMENTS (KOHA)
Koha item type Books
Holdings
Withdrawn status Lost status Damaged status Home library Current library Date acquired Full call number Barcode Date last seen Price effective from Koha item type
      UMT Main Campus UMT Main Campus 2015-03-13 KHC 954.035 MUK-S 73794 2015-03-13 2015-03-13 Books